000 00302 a2200121 4500
001 63105
040 _cAnchieta - Pituba
240 1 0 _a1ª Avaliação de História, I unidade
_lpor
245 1 0 _a1ª Avaliação de História, I unidade
362 0 _a2017
650 4 _aGeografia e História
942 _cBK
999 _c63105
_d63105